[Event "combate"]
[Site "http://www.queenalice.com/game.php?id=128941"]
[Date "2006.11.13"]
[Round "-"]
[White "jbio"]
[Black "marcelo_cr"]
[Result "1-0"]
[WhiteElo "1268"]
[BlackElo "1504"]

1. e4 e5 2. Nf3 Nf6 3. Nxe5 Nxe4 4. Qe2 d5 5. Nf3 Bg4 6. h3 Bxf3 7. gxf3 Bc5 8.
fxe4 O-O 9. d3 c6 10. Bf4 Nd7 11. Rg1 Qh4 12. Rg4 Qf6 13. Qd2 Rae8 14. Nc3 Ne5
15. Rg3 Rd8 16. O-O-O a5 17. Bg5 Qd6 18. Bxd8 Rxd8 19. d4 Qf6 20. dxc5 g6 21. f4
Nd7 22. exd5 cxd5 23. Nxd5 Qe5 24. fxe5 Nxc5 25. Nf6+ Kf8 26. Qxd8+ Kg7 27. Qg8+
Kh6 28. Qxh7# 1-0

[Event "Challenge"]
[Site "http://www.queenalice.com/game.php?id=129188"]
[Date "2006.11.14"]
[Round "-"]
[White "marcelo_cr"]
[Black "Jhones"]
[Result "1-0"]
[WhiteElo "1313"]
[BlackElo "1602"]

1. e4 e5 2. Nf3 Nc6 3. Bb5 Nf6 4. O-O Bc5 5. c3 d6 6. d4 exd4 7. Bg5 h6 8. Bf4
g5 9. cxd4 g4 10. dxc5 d5 11. Ne5 Bd7 12. exd5 Nxe5 13. Nc3 c6 14. Bxe5 O-O 15.
Qd4 Nh5 16. Bd3 f5 17. Rae1 Re8 18. Re3 f4 19. Qe4 Re7 20. d6 Re6 21. Bc4 fxe3
22. fxe3 Qg5 23. g3 Rf8 24. Bxe6+ Bxe6 25. Rxf8+ Kxf8 26. h4 Qf5 27. Qxf5+ Bxf5
28. e4 Be6 29. Ne2 Bxa2 30. d7 Ke7 31. Nf4 Nxg3 32. Ng6+ Kxd7 33. Bxg3 b6 34.
Ne5+ Ke6 35. Nxc6 a5 36. cxb6 a4 37. b7 Kd7 38. b8=Q Kxc6 39. Bf4 Bb1 40. Qe8+
Kc5 41. Qxa4 h5 42. Qb3 Bxe4 43. Qe3+ Kb5 44. Qxe4 Kc5 45. Be3+ Kd6 46. b4 g3
47. b5 Kd7 48. b6 Kc8 49. b7+ Kc7 50. Bf4+ Kb6 51. b8=Q+ Kc5 52. Bd6# 1-0

[Event "Let's Play Chess!"]
[Site "http://www.queenalice.com/game.php?id=130995"]
[Date "2006.11.18"]
[Round "-"]
[White "marcelo_cr"]
[Black "argelo"]
[Result "0-1"]
[WhiteElo "1326"]
[BlackElo "1716"]

1. e4 c5 2. Bc4 e6 3. Nf3 Nc6 4. O-O d6 5. d3 Nf6 6. b3 g6 7. Nc3 Bg7 8. Be3 O-O
9. a4 Nb4 10. Nh4 b6 11. Qd2 d5 12. exd5 exd5 13. Bxd5 Nbxd5 14. Nxd5 Qxd5 15.
c4 Qd6 16. Rae1 Be6 17. Bf4 Qd4 18. Re3 Qxf4 19. g3 Qg4 20. f4 Rfe8 21. Nf3 Nh5
22. Ng5 Nf6 23. a5 Bc8 24. Rxe8+ Nxe8 25. axb6 axb6 26. Qe3 Bd4 27. Qxd4 cxd4
28. Re1 Bb7 29. Ne4 Qh3 30. Kf2 Qxh2+ 31. Kf3 f5 32. Re2 Qh5+ 33. g4 Qxg4+ 34.
Kf2 Bxe4 35. Rxe4 Ra2+ 36. Ke1 Qg1# 0-1

[Event "1"]
[Site "http://www.queenalice.com/game.php?id=131487"]
[Date "2006.11.20"]
[Round "-"]
[White "marius"]
[Black "marcelo_cr"]
[Result "1-0"]
[WhiteElo "1618"]
[BlackElo "1576"]

1. e4 e5 2. f4 Nf6 3. Nc3 Bc5 4. Bc4 Ng4 5. Qxg4 O-O 6. f5 Nc6 7. d3 Nd4 8. Bb3
a5 9. Bh6 Qf6 10. Bg5 Qd6 11. f6 a4 12. Nxa4 Bb4+ 13. c3 Nxb3 14. axb3 Bc5 15.
Nf3 b5 16. b4 Bxb4 17. cxb4 Rxa4 18. O-O Re8 19. Nh4 Rxa1 20. Rxa1 g6 21. Nxg6
fxg6 22. Qh4 Bb7 23. Qh6 Qxd3 24. Qg7# 1-0

[Event "Capablanca"]
[Site "http://www.queenalice.com/game.php?id=134677"]
[Date "2006.11.29"]
[Round "-"]
[White "marcelo_cr"]
[Black "jbio"]
[Result "0-1"]
[WhiteElo "1398"]
[BlackElo "1293"]

1. e4 c5 2. Bc4 d6 3. Qf3 Nf6 4. Ne2 e6 5. O-O Be7 6. d3 O-O 7. Qg3 Nh5 8. Qg4
g6 9. Nf4 e5 10. Qg3 Nxg3 11. fxg3 exf4 12. Bxf4 Be6 13. Nc3 Bxc4 14. dxc4 Bg5
15. e5 Bxf4 16. gxf4 Nc6 17. Nd5 Nb4 18. Nxb4 cxb4 19. Rad1 Rc8 20. Rxd6 Qh4 21.
h3 Rxc4 22. Rd7 Rxf4 23. Rxb7 Rxf1+ 24. Kxf1 Rd8 25. Ke2 Qe4+ 26. Kf2 Qxb7 27.
Ke3 Qd5 28. Kf4 Qd4+ 29. Kg5 Qxe5+ 0-1

[Event "Challenge"]
[Site "http://www.queenalice.com/game.php?id=136453"]
[Date "2006.12.3"]
[Round "-"]
[White "AAmorim"]
[Black "marcelo_cr"]
[Result "0-1"]
[WhiteElo "1555"]
[BlackElo "1286"]

1. e4 e5 2. Nc3 Nf6 3. Nf3 Nc6 4. Bc4 Bb4 5. d4 Nxe4 6. dxe5 Nxc3 7. Qd2 Na4 8.
c3 Be7 9. Qf4 O-O 10. b3 Nxc3 11. Bb2 d5 12. Bxc3 dxc4 13. bxc4 Be6 14. Rd1 Qe8
15. O-O b6 16. Ng5 Rd8 17. Rxd8 Qxd8 18. Bd2 Nd4 19. Qe4 Bxg5 20. Bxg5 Qxg5 21.
Qxd4 Rd8 22. Qc3 b5 23. cxb5 Bd5 24. f3 Re8 25. Qxc7 Qxe5 26. Qxa7 Qe3+ 27. Qxe3
Rxe3 28. Rd1 Re5 29. a4 g6 30. b6 Bc6 31. Ra1 h5 32. a5 Rb5 33. Kf2 Kg7 34. Ke3
f5 35. Kd4 Bb7 36. Kc4 Rb2 37. Kc5 Rxg2 38. a6 Bxa6 39. Rxa6 Rc2+ 40. Kb5 Rxh2
41. Ra7+ Kh6 42. b7 Rb2+ 43. Kc6 h4 44. Kc7 Rc2+ 45. Kb8 Rc1 46. Ka8 Rb1 47.
b8=Q Rxb8+ 48. Kxb8 g5 49. Kc7 g4 50. fxg4 fxg4 51. Ra1 Kh5 52. Ra5+ Kg6 53. Kd6
g3 54. Ra1 g2 55. Re1 h3 56. Re6+ Kg5 57. Re7 h2 58. Rg7+ Kh4 59. Rxg2 h1=Q 60.
Rg8 Qa1 61. Kd5 Qa2+ 0-1

[Event "Agora vai!!!!!"]
[Site "http://www.queenalice.com/game.php?id=136857"]
[Date "2006.12.4"]
[Round "-"]
[White "jbio"]
[Black "marcelo_cr"]
[Result "1-0"]
[WhiteElo "1378"]
[BlackElo "1325"]

1. e4 e5 2. Nf3 Nf6 3. Nc3 Bd6 4. Be2 O-O 5. O-O Nc6 6. d3 a5 7. Bg5 Nd4 8. Nd5
Be7 9. Nxe5 Nxd5 10. Bxe7 Nxe7 11. c3 Ne6 12. d4 d6 13. Nf3 Nc6 14. d5 Ncd4 15.
cxd4 Nf4 16. g3 Nh5 17. Qd2 c5 18. dxc5 dxc5 19. Ng5 Nf6 20. Bf3 h6 21. e5 hxg5
22. exf6 Qxf6 23. Qe2 Bd7 24. d6 Rfe8 25. Qd1 Ra6 26. Bxb7 Rxd6 27. Qc2 a4 28.
Qxc5 g6 29. Qc3 Qxc3 30. bxc3 Bh3 31. Bg2 g4 32. Bxh3 gxh3 33. f4 f5 34. Rf3
Red8 35. Re1 Rd1 36. Rxd1 Rxd1+ 37. Rf1 Rd2 38. Rf2 Rd3 39. Rc2 Rd1+ 40. Kf2 Rh1
41. Ke3 Kf7 42. Kd4 Ke6 43. c4 Rg1 44. c5 Rg2 45. Kd3 Kd5 46. Rc4 Rxh2 47. c6
Re2 48. Kxe2 h2 49. Rc1 Ke4 50. c7 g5 51. c8=Q gxf4 52. Qc4+ Ke5 53. Qxf4+ Kf6
54. Qh4+ Kg6 55. Qxh2 Kg7 56. Rc6 f4 57. Qh6+ Kf7 58. Rc7+ Ke8 59. Qh8# 1-0

[Event "Challenge"]
[Site "http://www.queenalice.com/game.php?id=151807"]
[Date "2007.1.9"]
[Round "-"]
[White "marcelo_cr"]
[Black "longhi"]
[Result "1-0"]
[WhiteElo "1378"]
[BlackElo "1219"]

1. e4 Nc6 2. Nc3 d6 3. Nf3 Bd7 4. Bd3 Ne5 5. Nxe5 dxe5 6. Bb5 c6 7. Ba4 g6 8.
O-O h5 9. Bb3 Bg4 10. f3 Be6 11. Bxe6 fxe6 12. d3 Nf6 13. Be3 b6 14. a4 a5 15.
Ra3 Bh6 16. Qe2 Qb8 17. Bxh6 Rxh6 18. Qe3 Ng8 19. Ne2 b5 20. b3 b4 21. Raa1 h4
22. Rac1 Rh5 23. c3 Qa7 24. Qxa7 Rxa7 25. cxb4 axb4 26. Rxc6 Rg5 27. Rc8+ Kf7
28. d4 Rd7 29. dxe5 Rd2 30. Nf4 Rxe5 31. Nh3 Rh5 32. f4 Nf6 33. Ng5+ Kg7 34.
Nxe6+ Kf7 35. Ng5+ Kg7 36. Rf2 Rd3 37. e5 Ng4 38. Rf3 Rd1+ 39. Rf1 Ne3 40. Rxd1
Nxd1 41. Re8 e6 42. Rxe6 Ne3 43. Rb6 Rh8 44. g3 h3 45. a5 Rd8 46. Ne6+ 1-0

[Event "Dexter"]
[Site "http://www.queenalice.com/game.php?id=152251"]
[Date "2007.1.10"]
[Round "-"]
[White "marcelo_cr"]
[Black "jbio"]
[Result "0-1"]
[WhiteElo "1354"]
[BlackElo "1454"]

1. e4 d6 2. d4 Nf6 3. Bd3 g6 4. f4 Bg7 5. Nf3 O-O 6. O-O Bg4 7. c3 Nbd7 8. e5
Nh5 9. Na3 e6 10. Qd2 Bxf3 11. Rxf3 Qh4 12. Qf2 Qxf2+ 13. Rxf2 dxe5 14. fxe5 c5
15. Bb5 Rad8 16. g4 a6 17. Bxd7 Rxd7 18. gxh5 cxd4 19. cxd4 Rxd4 20. h6 Bxe5 21.
Be3 Re4 22. Bc5 Rc8 23. b4 Bxa1 24. Nc2 Be5 25. Ne3 Bd4 26. Bxd4 Rxd4 27. Nc2
Rdc4 28. Ne1 Rh4 29. Nd3 Rxh6 30. Nc5 Rc7 31. Nd3 Re7 32. Ne5 f5 33. a4 Kg7 34.
a5 Rh5 35. Kf1 Kf6 36. Ng4+ Kg5 37. Ne3 Rc7 38. Nc2 Rh4 39. Kg2 f4 40. b5 Kg4
41. Nd4 e5 42. Ne6 Re7 43. Nxf4 exf4 44. b6 Re5 45. Kf1 Rxa5 46. Ke2 Ra2+ 47.
Ke1 Rxf2 0-1

[Event "Polgar"]
[Site "http://www.queenalice.com/game.php?id=154309"]
[Date "2007.1.15"]
[Round "-"]
[White "jbio"]
[Black "marcelo_cr"]
[Result "1-0"]
[WhiteElo "1484"]
[BlackElo "1331"]

1. e4 e5 2. Nf3 Nf6 3. Nc3 Nc6 4. Be2 d5 5. exd5 Nxd5 6. Nxd5 Qxd5 7. O-O Be7 8.
c4 Qd8 9. b3 O-O 10. Bb2 Bf5 11. Bxe5 Nxe5 12. Nxe5 Qd4 13. Nf3 Qd6 14. d4 Bf6
15. c5 Qe7 16. Re1 Rad8 17. Ba6 Qd7 18. Bxb7 Bg4 19. a4 Rde8 20. Rxe8 Rxe8 21.
Qd3 c6 22. h3 Bxf3 23. Qxf3 Qxb7 24. Qc3 Rd8 25. Re1 Qd7 26. Qd3 g6 27. Kh2 Bxd4
28. Qf3 Bxc5 29. Rd1 Qf5 30. Qxf5 gxf5 31. Rxd8+ Kg7 32. Rc8 Bd6+ 33. g3 c5 34.
h4 Kf6 35. Ra8 f4 36. Rxa7 fxg3+ 37. fxg3 Ke6 38. Rb7 h5 39. a5 f5 40. a6 f4 41.
gxf4 Bxf4+ 42. Kh3 Kd5 43. a7 Kd4 44. a8=Q Kc3 45. Qf8 Be3 46. Qf3 Kd3 47. Qxh5
c4 48. bxc4 Kxc4 49. Rd7 Bb6 50. Qd1 Kc3 51. Rd6 Bc5 52. Rc6 Kb4 53. Qc2 Bd4 54.
Qc4+ Ka3 55. Qxd4 Ka2 56. Qb4 Ka1 57. Ra6# 1-0

[Event "Hiro"]
[Site "http://www.queenalice.com/game.php?id=156995"]
[Date "2007.1.21"]
[Round "-"]
[White "jbio"]
[Black "marcelo_cr"]
[Result "1-0"]
[WhiteElo "1537"]
[BlackElo "1359"]

1. e4 e5 2. Nf3 Nf6 3. Nxe5 Nxe4 4. Qe2 d6 5. Qxe4 dxe5 6. Qxe5+ Be6 7. Bc4 Nc6
8. Qe4 Bd6 9. O-O O-O 10. d3 Bc5 11. Be3 Bd4 12. Nc3 Re8 13. Qf3 Bxc4 14. dxc4
Bxc3 15. Rad1 Qf6 16. Rd7 Qxf3 17. gxf3 Bxb2 18. Rb1 Be5 19. Rxb7 Bd6 20. c5 Re7
21. Rxe7 Bxe7 22. Rxc7 Bxc5 23. Bxc5 Re8 24. Rxc6 g6 25. Bxa7 Kf8 26. a4 Re1+
27. Kg2 Ra1 28. Rc4 Ke7 29. Bb6 Ke6 30. a5 Kd5 31. Rc7 h5 32. Rxf7 Kc4 33. Rf6
g5 34. f4 gxf4 35. Rxf4+ Kc3 36. Bd4+ Kxc2 37. Bxa1 Kb1 38. a6 Kxa1 39. a7 Kb2
40. a8=Q h4 41. Qb7+ Kc2 42. Rxh4 Kd3 43. Qe7 1-0

[Event "Jack Bristol"]
[Site "http://www.queenalice.com/game.php?id=160384"]
[Date "2007.1.29"]
[Round "-"]
[White "marcelo_cr"]
[Black "jbio"]
[Result "1-0"]
[WhiteElo "1345"]
[BlackElo "1501"]

1. e4 e5 2. Nf3 Nc6 3. Nc3 Bb4 4. d4 Bxc3+ 5. bxc3 Nf6 6. Bg5 O-O 7. dxe5 h6 8.
Bxf6 gxf6 9. exf6 Qxf6 10. Qd2 Ne5 11. Nxe5 Qxe5 12. Qd4 Re8 13. Qxe5 Rxe5 14.
Bd3 d5 15. O-O dxe4 16. Bc4 Be6 17. Be2 Rc5 18. c4 Bxc4 19. Bxc4 Rxc4 20. Rac1
Rd8 21. f3 Kg7 22. Rcd1 Rxd1 23. Rxd1 exf3 24. gxf3 Rxc2 25. Rd7 b6 26. a4 Kg6
27. Rd4 Kf5 28. Rh4 Rc3 29. Rh5+ Kf4 30. Kg2 Rxf3 31. Rxh6 Ra3 32. Rf6+ Ke3 33.
Rf3+ 1-0

[Event "Challenge"]
[Site "http://www.queenalice.com/game.php?id=171311"]
[Date "2007.2.20"]
[Round "-"]
[White "marcelo_cr"]
[Black "ulisses34"]
[Result "1-0"]
[WhiteElo "1391"]
[BlackElo "1161"]

1. e4 Nf6 2. e5 Nd5 3. d4 Nc6 4. Nf3 Ncb4 5. Ng5 h6 6. Ne4 g6 7. Bc4 c6 8. O-O
Nb6 9. Bb3 d5 10. Nec3 a5 11. Be3 g5 12. Na4 Ra6 13. Nxb6 Qxb6 14. c4 g4 15. c5
Qb5 16. Nc3 Qd3 17. Qxd3 Nxd3 18. Rab1 b5 19. a3 a4 20. Bc2 Nxc5 21. dxc5 Bg7
22. Bf4 O-O 23. Ne2 f6 24. exf6 Rxf6 25. Be5 Re6 26. f4 Bf8 27. Nd4 h5 28. Nxe6
Bh6 29. f5 Ra8 30. f6 Bxe6 31. fxe7 Re8 32. Rf6 Be3+ 33. Kf1 h4 34. Rxe6 Rf8+
35. Ke2 g3 36. e8=Q gxh2 37. Qg6# 1-0

[Event "Challenge"]
[Site "http://www.queenalice.com/game.php?id=174830"]
[Date "2007.2.27"]
[Round "-"]
[White "aguiadourada"]
[Black "marcelo_cr"]
[Result "0-1"]
[WhiteElo "1069"]
[BlackElo "1399"]

1. g4 d6 2. e3 Nf6 3. g5 Ng4 4. Nh3 g6 5. Rg1 Bg7 6. Rxg4 Bxg4 7. Qxg4 Qd7 8.
Qxd7+ Nxd7 9. d3 O-O 10. a4 e5 11. Ra3 Nc5 12. Rb3 Nxb3 13. cxb3 a6 14. Bg2 Ra7
15. Nd2 b5 16. a5 c5 17. Ne4 Rd8 18. Bf3 Rc7 19. Bd2 d5 20. Nf6+ Bxf6 21. gxf6
d4 22. Ng5 Rd6 23. Nxh7 Kxh7 24. e4 Rxf6 25. Be2 g5 26. Bxg5 Rg6 27. f4 f6 28.
Bh4 Rg2 29. Bh5 Rxh2 30. Bg4 Rxh4 31. Bf5+ Kg7 32. Be6 c4 33. bxc4 bxc4 34. Ke2
exf4 35. dxc4 Rb7 36. Kf3 Rxb2 37. c5 Kg6 38. Bg8 Kg5 39. Bh7 Rh3# 0-1

[Event "Let's Play Chess!"]
[Site "http://www.queenalice.com/game.php?id=174832"]
[Date "2007.2.27"]
[Round "-"]
[White "marcelo_cr"]
[Black "dtrainey"]
[Result "1-0"]
[WhiteElo "1415"]
[BlackElo "1555"]

1. e4 e5 2. Nf3 Nc6 3. Bb5 Nd4 4. Nxd4 c6 5. Bc4 Qf6 6. Nb3 d5 7. exd5 Qd6 8.
dxc6 bxc6 9. O-O Bb7 10. d4 e4 11. Nc3 Nf6 12. Qe2 g6 13. Nc5 Qxd4 14. Be3 Qe5
15. Nxb7 a6 16. b3 Qxc3 17. Bxa6 Be7 18. Qc4 Nd5 19. Qxe4 O-O 20. Bh6 Rfe8 21.
Bc4 Nb4 22. Qf4 Qf6 23. Nd6 Qxf4 24. Bxf4 Bxd6 25. Bxd6 Nxc2 26. Rac1 Na3 27.
Bd3 Rec8 28. f4 Nb5 29. Be5 Na7 30. f5 g5 31. Rc4 h5 32. g4 h4 33. f6 Re8 34.
Rf5 Rad8 35. Rxg5+ Kf8 36. Bh7 Rd1+ 37. Kf2 Rd2+ 38. Kf3 Rd3+ 39. Bxd3 Rd8 40.
Bd4 Rd7 41. Bf5 Rb7 42. Ra4 1-0

[Event "xestter"]
[Site "http://www.queenalice.com/game.php?id=181865"]
[Date "2007.3.14"]
[Round "2"]
[White "marcelo_cr"]
[Black "Nelson_Abe"]
[Result "0-1"]
[WhiteElo "1399"]
[BlackElo "1966"]

1. e4 c5 2. Nf3 d6 3. d4 cxd4 4. Nxd4 Nf6 5. Nc3 e5 6. Bb5+ Bd7 7. Nf5 Be7 8.
Nd5 Nxd5 9. Qxd5 Qa5+ 10. c3 Qxb5 11. Qxb5 Bxb5 12. Nxg7+ Kd7 13. b3 Rg8 14. Nf5
Rxg2 15. c4 Bc6 16. Ba3 Bxe4 17. Nxd6 Bxd6 18. Rd1 Rg6 19. Rf1 b6 20. f3 Bf5 21.
Rf2 Rg1+ 22. Kd2 Rxd1+ 23. Kxd1 Bxa3 24. Rd2+ Kc7 25. b4 Bxb4 26. Rd5 Bc3 27. c5
Nc6 28. cxb6+ axb6 29. f4 Rxa2 30. fxe5 Nxe5 31. h4 Bd3 32. h5 Ra1# 0-1

[Event "xestter"]
[Site "http://www.queenalice.com/game.php?id=185209"]
[Date "2007.3.20"]
[Round "3"]
[White "marcelo_cr"]
[Black "felipecabeca"]
[Result "1-0"]
[WhiteElo "1405"]
[BlackElo "1234"]

1. e4 e5 2. Nf3 Nc6 3. Bb5 Nf6 4. O-O Nxe4 5. d4 exd4 6. Nxd4 Nxd4 7. Qxd4 f5 8.
Qe5+ Be7 9. Qxg7 Bf8 10. Qxh8 a6 11. Be2 b5 12. Bh5+ Ke7 13. f3 Ng5 14. Bxg5+
Kd6 15. Bxd8 c5 16. Qxf8+ Ke5 17. Nc3 d6 18. Qf7 Be6 19. Qb7 1-0

[Event "Let's Play Chess!"]
[Site "http://www.queenalice.com/game.php?id=192226"]
[Date "2007.4.5"]
[Round "-"]
[White "marcelo_cr"]
[Black "SuperMouse"]
[Result "0-1"]
[WhiteElo "1437"]
[BlackElo "1758"]

1. e4 e5 2. Nf3 Nc6 3. Bb5 Nf6 4. O-O Nxe4 5. d4 exd4 6. Nxd4 Bc5 7. Bxc6 bxc6
8. Nc3 Nxc3 9. bxc3 O-O 10. Nf5 d6 11. Ng3 Re8 12. Bb2 Rb8 13. Rb1 Be6 14. c4
Bxc4 15. Re1 Bxa2 16. Rxe8+ Qxe8 17. Ra1 Rxb2 18. Qc1 Qe5 19. c3 Rxf2 20. Rxa2
Rxa2+ 21. Kf1 Rf2+ 22. Kg1 Rc2+ 23. Kf1 Rxc1# 0-1